[Event "La Pampa Pico Cup"]
[Site "La Pampa"]
[Date "2021.12.03"]
[Round "2"]
[White "Merlo, Juan Bernardo"]
[Black "Wisniacki, Flavio"]
[Result "1-0"]
[WhiteElo "1710"]
[BlackElo "2203"]
[PlyCount "73"]
[EventDate "2021.12.03"]
[EventType "swiss"]
[EventRounds "6"]
[EventCountry "ARG"]
[SourceTitle "CBM 205 Extra"]
[Source "ChessBase"]
[SourceDate "2022.01.31"]
[SourceVersion "1"]
[SourceVersionDate "2022.01.31"]
[SourceQuality "1"]

1. d4 Nf6 2. e3 c5 3. Bd3 d6 4. f4 Nc6 5. Nf3 e5 6. fxe5 dxe5 7. Nxe5 cxd4 8. Nxc6 bxc6 9. 0-0 Bc5 10. e4 Be6 11. Bg5 Be7 12. Nd2 Ng4 13. Bxe7 Qxe7 14. Qf3 Qc7 15. Qf4 Rc8 16. Nc4 Qxf4 17. Rxf4 Ke7 18. h3 Nf6 19. e5 Nd7 20. Rxd4 Bxc4 21. Bxc4 Nxe5 22. Re1 f6 23. Rde4 Rhd8 24. Rh4 h6 25. Rg4 Kd6 26. Rxe5 fxe5 27. Rxg7 Rc7 28. Rg3 Kc5 29. Bd3 Re7 30. Be4 Rd6 31. Rc3+ Kb6 32. Kf2 Rf7+ 33. Ke2 Rf4 34. Ke3 Rf1 35. Rb3+ Kc7 36. Bd3 Rd7 37. Bxf1 1-0